000
00501nam a2200181Ia 4500
008
090124s9999 xx 000 0 und d
082
_b
118217
100
_a
मेहता शशिकला
245
_a
सांगुकुणा
250
_a
1
260
_c
1979
300
_a
184
600
_a
मेहता शशिकला
630
_a
सांगुकुणा
700
_a
मेहता शशिकला
730
_a
सांगुकुणा
942
_c
BOOK
999
_c
164304
_d
164304